[Event "Wch Seniors 23rd 2013"]
[Site "Opatija"]
[Date "2013.11.14"]
[Round "3.91"]
[White "Wibe, Per H"]
[Black "Green, Per"]
[Result "0-1"]
[WhiteElo "1819"]
[BlackElo "1990"]
[PlyCount "96"]
[EventDate "2013.11.12"]

1. c4 e5 2. Nc3 Bb4 3. e4 Bxc3 4. bxc3 d6 5. d4 Nc6 6. d5 Nb8 7. Bd3 h6 8. f4
Qe7 9. Nf3 Nd7 10. O-O Ngf6 11. f5 b6 12. a4 a5 13. Nd2 Nc5 14. Bc2 Ba6 15. Qe2
O-O-O 16. Ba3 Nfd7 17. Nb1 Rdg8 18. Bc1 Rf8 19. Na3 Kb8 20. Nb5 g5 21. Be3 f6
22. Rab1 h5 23. h3 h4 24. Qg4 Rfg8 25. Kf2 Rh7 26. Ke1 Qf7 27. Bd1 Nd3+ 28. Kd2
N7c5 29. Be2 Nf4 30. Nxd6 cxd6 31. Rxb6+ Bb7 32. Bxc5 dxc5 33. Rfb1 Qf8 34.
R1b5 Qd8 35. Qf3 Ka7 36. Qf1 Ba6 37. Rxa6+ Kxa6 38. Rxc5 Rb7 39. Rc6+ Ka7 40.
Qf2+ Kb8 41. Kc2 Qe7 42. c5 g4 43. Ba6 gxh3 44. Qxh4 hxg2 45. Bxb7 g1=Q 46. d6
Rg2+ 47. Kb3 Qb1+ 48. Kc4 Qf7# 0-1

[Event "Wch Seniors 23rd 2013"]
[Site "Opatija"]
[Date "2013.11.14"]
[Round "3.92"]
[White "Zybura, Andre"]
[Black "Birkestrand, Odd"]
[Result "1-0"]
[WhiteElo "1990"]
[BlackElo "1819"]
[PlyCount "166"]
[EventDate "2013.11.12"]

1. e4 e5 2. Bc4 Nf6 3. d4 exd4 4. Nf3 d5 5. exd5 Bb4+ 6. c3 dxc3 7. bxc3 Bd6 8.
O-O O-O 9. Bg5 Bg4 10. Qd3 Nbd7 11. Nbd2 Nc5 12. Qd4 Bxf3 13. Nxf3 Ncd7 14.
Rfe1 Bc5 15. Qd3 h6 16. Bh4 Bd6 17. Bb5 g5 18. Bg3 Bxg3 19. hxg3 Nc5 20. Qd4 b6
21. Bc6 Rb8 22. Re3 Nb7 23. Rae1 Na5 24. Ne5 Qd6 25. Rf3 Nxc6 26. Nxc6 Rbe8 27.
Rxe8 Nxe8 28. c4 a5 29. a4 f6 30. Qe4 Ng7 31. Ne7+ Kf7 32. Re3 f5 33. Nxf5 Nxf5
34. Qxf5+ Kg8 35. Qe6+ Qxe6 36. Rxe6 Kg7 37. Re7+ Rf7 38. Rxf7+ Kxf7 39. f4 Kf6
40. Kf2 Kf5 41. Kf3 g4+ 42. Ke3 h5 43. Kd4 h4 44. gxh4 Kxf4 45. h5 Kg5 46. g3
Kxh5 47. Ke4 Kg5 48. Ke5 Kg6 49. Kf4 Kf6 50. Kxg4 Ke5 51. Kf3 Kd4 52. g4 Kxc4
53. Ke4 b5 54. axb5 a4 55. b6 cxb6 56. d6 a3 57. d7 a2 58. d8=Q a1=Q 59. Qxb6
Qh1+ 60. Kf5 Qd5+ 61. Kf6 Qf3+ 62. Kg5 Qf7 63. Qf6 Qg8+ 64. Kf5 Qh7+ 65. Ke5
Qc7+ 66. Kf5 Qh7+ 67. Qg6 Qh3 68. Qe6+ Kd4 69. Kg6 Qh2 70. g5 Qc2+ 71. Qf5 Qc7
72. Qf6+ Ke3 73. Qf7 Qc2+ 74. Kg7 Qb2+ 75. Qf6 Qb7+ 76. Kf8 Ke4 77. g6 Qa8+ 78.
Kf7 Kd3 79. g7 Qd5+ 80. Qe6 Qb7+ 81. Kf8 Qb4+ 82. Ke8 Qa5 83. g8=Q Qd8+ 1-0

[Event "Wch Seniors 23rd 2013"]
[Site "Opatija"]
[Date "2013.11.14"]
[Round "3.93"]
[White "Kummer, Heinz"]
[Black "Trtanj, Zoran"]
[Result "0-1"]
[WhiteElo "1788"]
[BlackElo "1986"]
[PlyCount "62"]
[EventDate "2013.11.12"]

1. e4 c6 2. d4 d5 3. Nc3 dxe4 4. Nxe4 Bf5 5. Ng3 Bg6 6. h4 h6 7. Nf3 Nd7 8. h5
Bh7 9. Bd3 Bxd3 10. Qxd3 e6 11. Bd2 Ngf6 12. Qe2 Be7 13. O-O a5 14. Rfe1 O-O
15. Ne5 a4 16. f4 a3 17. b3 Qb6 18. c3 c5 19. Nxd7 Nxd7 20. d5 Bh4 21. Qf3 exd5
22. Re2 Bxg3 23. Qxg3 Nf6 24. Qf3 Rfe8 25. g4 Rxe2 26. Qxe2 Re8 27. Qf3 Ne4 28.
Be1 d4 29. Qd3 Qf6 30. cxd4 Qxf4 31. Bd2 Nxd2 0-1

[Event "Wch Seniors 23rd 2013"]
[Site "Opatija"]
[Date "2013.11.14"]
[Round "3.94"]
[White "Zilbershtein, Victor"]
[Black "Ramusch, Arnulf"]
[Result "1/2-1/2"]
[WhiteElo "1780"]
[BlackElo "1979"]
[PlyCount "108"]
[EventDate "2013.11.12"]

1. d4 Nf6 2. c4 e6 3. a3 d5 4. e3 Be7 5. Nc3 O-O 6. Nf3 b6 7. cxd5 exd5 8. Bd3
Ba6 9. Bxa6 Nxa6 10. Qd3 Nb8 11. O-O Nbd7 12. Ne5 Nxe5 13. dxe5 Ng4 14. Qf5 Nh6
15. Qh5 Qd7 16. e4 d4 17. Nd5 c6 18. Nxe7+ Qxe7 19. Bxh6 gxh6 20. f4 f6 21.
Qxh6 fxe5 22. Qxc6 Rad8 23. fxe5 Qxe5 24. Rxf8+ Rxf8 25. Qc4+ Kh8 26. Qd3 Re8
27. Rd1 Rd8 28. Rf1 Re8 29. Re1 Re7 30. g3 Re6 31. Kg2 Re7 32. Qf3 h6 33. Qf4
d3 34. Qxe5+ Rxe5 35. Rd1 Rxe4 36. Kf3 Re7 37. Rxd3 Rb7 38. g4 Kg7 39. b4 Kh7
40. h4 Kg7 41. h5 Rc7 42. Re3 Kf6 43. Kg3 b5 44. Rf3+ Kg7 45. Kf4 a5 46. bxa5
Rc4+ 47. Kf5 Ra4 48. Rd3 Rxa5 49. Rd7+ Kg8 50. Rd5 Rxa3 51. Rxb5 Ra6 52. Rc5
Kg7 53. Rc7+ Kg8 54. Kf4 Ra5 1/2-1/2

[Event "Wch Seniors 23rd 2013"]
[Site "Opatija"]
[Date "2013.11.14"]
[Round "3.95"]
[White "Milosevic, Bozidar"]
[Black "Waisberg, Arnold"]
[Result "0-1"]
[WhiteElo "1734"]
[BlackElo "1971"]
[PlyCount "98"]
[EventDate "2013.11.12"]

1. e4 e5 2. Bc4 Nf6 3. Nc3 Bc5 4. Nf3 d6 5. d3 Bg4 6. h3 Bxf3 7. Qxf3 Nc6 8.
Bb5 a6 9. Bxc6+ bxc6 10. Bg5 Rb8 11. Bc1 Nd7 12. Qg3 Qf6 13. a3 O-O 14. Ne2 Qg6
15. Qf3 f5 16. O-O fxe4 17. Qxe4 Qxe4 18. dxe4 Rxf2 19. Rxf2 Rf8 20. b4 Rxf2
21. bxc5 Rxe2 22. cxd6 cxd6 23. Bg5 Rxe4 24. Rb1 Rc4 25. Be7 d5 26. Rb7 Nc5 27.
Rb6 Ne4 28. Rxa6 Rxc2 29. a4 d4 30. Ba3 Ra2 31. Ra8+ Kf7 32. Rf8+ Kg6 33. Rf3
Ra1+ 34. Kh2 Nd2 35. Rg3+ Kf7 36. Rd3 Nc4 37. Rf3+ Ke6 38. Bf8 Nd2 39. Rd3 Nf1+
40. Kg1 Ne3+ 41. Kh2 Rxa4 42. Bxg7 c5 43. Rb3 Ra2 44. Bh6 Rxg2+ 45. Kh1 Re2 46.
Kg1 Rc2 47. Rb6+ Kd5 48. Bf8 d3 49. Rb5 d2 0-1

[Event "Wch Seniors 23rd 2013"]
[Site "Opatija"]
[Date "2013.11.14"]
[Round "3.96"]
[White "Bornand, Herbert"]
[Black "Nielsen, Peter"]
[Result "1-0"]
[WhiteElo "1966"]
[BlackElo "1769"]
[PlyCount "55"]
[EventDate "2013.11.12"]

1. d4 Nf6 2. Nc3 d5 3. Qd3 g6 4. f3 Bg7 5. Bg5 Nc6 6. O-O-O a6 7. Kb1 b5 8. e4
dxe4 9. Nxe4 Nd5 10. Ne2 h5 11. c3 Be6 12. g3 Rb8 13. h4 a5 14. Bh3 Bxh3 15.
Rxh3 Qd7 16. Rh2 e6 17. Re1 b4 18. c4 Nc3+ 19. Ka1 Nxe4 20. fxe4 Nxd4 21. Nf4
c5 22. e5 Bxe5 23. Rxe5 Rf8 24. Nd5 Qa4 25. Nf6+ Ke7 26. Rxc5 e5 27. Rxe5+ Ne6
28. Nd5+ 1-0

[Event "Wch Seniors 23rd 2013"]
[Site "Opatija"]
[Date "2013.11.14"]
[Round "3.98"]
[White "Thonig, Manfred"]
[Black "Yakovlev, Yuri S"]
[Result "1/2-1/2"]
[WhiteElo "1553"]
[BlackElo "1951"]
[PlyCount "75"]
[EventDate "2013.11.12"]

1. f4 c5 2. Nf3 b5 3. e4 Bb7 4. d3 e6 5. Be2 Ne7 6. O-O d5 7. e5 Nf5 8. c3 d4
9. a4 a6 10. Ng5 Nd7 11. Bf3 Qc7 12. axb5 a5 13. Bxb7 Qxb7 14. Qf3 Qxf3 15.
Rxf3 h6 16. Rh3 Nb6 17. c4 Rg8 18. Ne4 O-O-O 19. g4 Ne3 20. Bxe3 dxe3 21. Rxe3
Kb7 22. Nbc3 Ra8 23. b3 Be7 24. Na4 Rac8 25. h4 f6 26. Rd1 fxe5 27. fxe5 Rgf8
28. Kg2 Nd7 29. Nd6+ Bxd6 30. exd6 Rf4 31. Re4 Rcf8 32. Rxf4 Rxf4 33. Kg3 Rd4
34. Nb2 Rxd6 35. Re1 e5 36. Ra1 Kb6 37. Kf3 Rd4 38. Re1 1/2-1/2

[Event "Wch Seniors 23rd 2013"]
[Site "Rijeka"]
[Date "2013.11.15"]
[Round "4.1"]
[White "Vaisser, Anatoly"]
[Black "Suba, Mihai"]
[Result "1/2-1/2"]
[WhiteElo "2523"]
[BlackElo "2413"]
[PlyCount "150"]
[EventDate "2013.11.12"]

1. d4 Nf6 2. Nf3 e6 3. Bf4 b6 4. e3 Bb7 5. Nbd2 Bd6 6. Bxd6 cxd6 7. Bd3 d5 8.
c4 dxc4 9. Nxc4 d6 10. Qa4+ Kf8 11. Qa3 Ne8 12. e4 Kg8 13. Ncd2 Nc6 14. O-O g5
15. d5 exd5 16. exd5 Ne7 17. Nxg5 Nxd5 18. Nh3 Ndf6 19. Rfe1 Kf8 20. Nf4 Qd7
21. Ne4 Rg8 22. f3 Nd5 23. Nxd5 Bxd5 24. Ng3 h5 25. Be4 Bxe4 26. Rxe4 Rg5 27.
Qe3 Qb5 28. f4 Rd5 29. f5 Qc5 30. Nxh5 Rxf5 31. Ng3 Rd5 32. Rc1 Qxe3+ 33. Rxe3
Rc5 34. Rf1 Rac8 35. Nf5 f6 36. Rh3 Rc1 37. Rh8+ Kf7 38. Rxe8 Kxe8 39. Nxd6+
Ke7 40. Nxc8+ Rxc8 41. Re1+ Kf7 42. Kf2 a5 43. Ke3 Rc4 44. Kd3 Ra4 45. a3 Rf4
46. Re4 Rf1 47. Re2 Rf4 48. g3 Rf5 49. Kc4 b5+ 50. Kd4 Rf3 51. Re3 Rf2 52. Rb3
Rxh2 53. Rxb5 Rg2 54. Kc4 a4 55. Rb4 Ke6 56. Kb5 Rxg3 57. Kxa4 f5 58. Rb8 Rg7
59. Rf8 Rg4+ 60. Kb5 f4 61. b4 Ke7 62. Rf5 Ke6 63. Rf8 Ke7 64. Rf5 Ke6 65. Rf8
Ke7 66. Rc8 f3 67. Rc1 f2 68. Rf1 Rf4 69. Kc6 Kd8 70. Kb7 Rf7+ 71. Kc6 Kc8 72.
a4 Rf6+ 73. Kd5 Rf4 74. b5 Rxa4 75. Rxf2 Rh4 1/2-1/2

[Event "Wch Seniors 23rd 2013"]
[Site "Rijeka"]
[Date "2013.11.15"]
[Round "4.2"]
[White "Vasiukov, Evgeni"]
[Black "Mochalov, Evgeny V"]
[Result "0-1"]
[WhiteElo "2457"]
[BlackElo "2404"]
[PlyCount "82"]
[EventDate "2013.11.12"]

1. e4 c5 2. Nf3 e6 3. d3 Nc6 4. g3 g6 5. Bg2 Bg7 6. O-O Nge7 7. c3 e5 8. Be3 d6
9. Qd2 O-O 10. Na3 Bg4 11. Nh4 Be6 12. f4 exf4 13. gxf4 f5 14. Nf3 Kh8 15. Ng5
Bg8 16. Rf3 b6 17. Rh3 Qd7 18. Rd1 Rad8 19. Bf2 h6 20. c4 Nd4 21. Kh1 Ne6 22.
Be3 Nxg5 23. fxg5 h5 24. Rh4 fxe4 25. dxe4 Nc6 26. b3 Be5 27. Nc2 Be6 28. Bf1
Bg4 29. Be2 Bf3+ 30. Kg1 Rf7 31. Rf1 Rdf8 32. Bxf3 Rxf3 33. Rxf3 Rxf3 34. Kg2
Rf8 35. Qe2 Qe7 36. Kh1 Nd4 37. Nxd4 cxd4 38. Bd2 Qf7 39. Rh3 Qf2 40. Qd3 Kg7
41. a3 h4 0-1

[Event "Wch Seniors 23rd 2013"]
[Site "Rijeka"]
[Date "2013.11.15"]
[Round "4.3"]
[White "Van Riemsdijk, Herman C"]
[Black "Kupreichik, Viktor D"]
[Result "0-1"]
[WhiteElo "2347"]
[BlackElo "2454"]
[PlyCount "68"]
[EventDate "2013.11.12"]

1. e4 c5 2. Nf3 d6 3. d4 cxd4 4. Nxd4 Nf6 5. Nc3 Bd7 6. Be3 Ng4 7. Bg5 h6 8.
Bh4 Nc6 9. Nxc6 bxc6 10. Be2 h5 11. h3 Ne5 12. f4 Ng6 13. Bg3 e5 14. fxe5 Qg5
15. Qd3 h4 16. Bh2 Nxe5 17. Bxe5 Qxe5 18. O-O-O Be7 19. Bg4 Bxg4 20. hxg4 O-O
21. Rdf1 g6 22. Rf3 Rab8 23. Rhf1 Rb4 24. Qa6 Qc5 25. a3 Rb6 26. Qxa7 Bg5+ 27.
Kd1 Be3 28. Ke2 Bd4 29. Rd3 d5 30. exd5 cxd5 31. Kd2 Qc4 32. Ne2 Bc5 33. Rc3
Qxe2+ 34. Kxe2 Re6+ 0-1

[Event "Wch Seniors 23rd 2013"]
[Site "Rijeka"]
[Date "2013.11.15"]
[Round "4.4"]
[White "Chernov, Evgen"]
[Black "Rogulj, Branko"]
[Result "0-1"]
[WhiteElo "2325"]
[BlackElo "2420"]
[PlyCount "69"]
[EventDate "2013.11.12"]

1. d4 Nf6 2. c4 g6 3. Nc3 d5 4. cxd5 Nxd5 5. Bd2 Bg7 6. e4 Nb6 7. Be3 O-O 8.
Bb5 c6 9. Be2 Be6 10. Nf3 Nc4 11. Bc1 b5 12. O-O Bg4 13. a4 Bxf3 14. Bxf3 b4
15. Ne2 e5 16. Qd3 Na5 17. Rd1 Nd7 18. Be3 exd4 19. Nxd4 Ne5 20. Qa6 Qb6 21.
Be2 c5 22. Nc2 Rfd8 23. Bg5 Qxa6 24. Bxa6 Rxd1+ 25. Rxd1 Nec4 26. Rd5 Bf8 27.
Bd8 Nb6 28. Rd1 Bg7 29. Be7 b3 30. Ne1 Bxb2 31. Nd3 Bd4 32. Bxc5 Bxc5 33. Nxc5
b2 34. Rb1 Nbc4 35. Nb3 0-1

[Event "Wch Seniors 23rd 2013"]
[Site "Rijeka"]
[Date "2013.11.15"]
[Round "4.5"]
[White "Chernikov, Oleg L"]
[Black "La Rota, Fabio"]
[Result "1-0"]
[WhiteElo "2400"]
[BlackElo "2258"]
[PlyCount "69"]
[EventDate "2013.11.12"]

1. d4 d5 2. c4 e6 3. Nc3 c6 4. e4 dxe4 5. Nxe4 Nd7 6. Nf3 Ngf6 7. Bd3 Nxe4 8.
Bxe4 Bd6 9. O-O O-O 10. Bc2 Re8 11. Qd3 Nf8 12. c5 Bc7 13. Re1 f6 14. b4 Bd7
15. a4 Qe7 16. b5 Qf7 17. Rb1 Qh5 18. Bd1 Qg6 19. Be2 Kh8 20. Qxg6 Nxg6 21. Bc4
Nf8 22. Ba3 Reb8 23. b6 Bd8 24. a5 axb6 25. cxb6 Kg8 26. Bd6 Kf7 27. a6 Be7 28.
Bxb8 Rxb8 29. a7 Ra8 30. Nd2 Bd8 31. Ne4 Bc8 32. Nd6+ Ke7 33. Nxc8+ Kd7 34. g4
Kxc8 35. Rxe6 1-0

[Event "Wch Seniors 23rd 2013"]
[Site "Rijeka"]
[Date "2013.11.15"]
[Round "4.6"]
[White "Frick, Christoph"]
[Black "Hulak, Krunoslav"]
[Result "0-1"]
[WhiteElo "2254"]
[BlackElo "2473"]
[PlyCount "88"]
[EventDate "2013.11.12"]

1. e4 c5 2. Nc3 Nc6 3. g3 g6 4. Bg2 Bg7 5. d3 d6 6. Nh3 e6 7. O-O Nge7 8. Be3
O-O 9. Qd2 Nd4 10. Bh6 Bxh6 11. Qxh6 f6 12. Qd2 e5 13. f4 Be6 14. Nd5 Qd7 15.
Nf2 Bxd5 16. exd5 exf4 17. gxf4 Rae8 18. c3 Ndf5 19. Rae1 Nh4 20. Bh1 Nef5 21.
Re4 Ng7 22. Rfe1 f5 23. R4e3 Rxe3 24. Rxe3 Re8 25. Kf1 Kf7 26. Nd1 Rxe3 27.
Nxe3 h6 28. d4 cxd4 29. Qxd4 b6 30. Kf2 g5 31. Bf3 g4 32. Be2 Qe7 33. b4 Qf6
34. Qc4 Ng6 35. Ng2 h5 36. Qc7+ Qe7 37. Qxe7+ Kxe7 38. Kg3 h4+ 39. Kf2 h3 40.
Ne3 Nxf4 41. Ba6 Kf6 42. a4 Ngh5 43. Bf1 Ke5 44. c4 Nf6 0-1

[Event "Wch Seniors 23rd 2013"]
[Site "Rijeka"]
[Date "2013.11.15"]
[Round "4.7"]
[White "Acers, Jude"]
[Black "Kakageldyev, Amanmurad"]
[Result "0-1"]
[WhiteElo "2230"]
[BlackElo "2384"]
[PlyCount "96"]
[EventDate "2013.11.12"]

1. e4 g6 2. e5 Bg7 3. Nf3 d6 4. exd6 cxd6 5. d4 Nf6 6. Bb5+ Nbd7 7. O-O O-O 8.
Re1 a6 9. Ba4 b5 10. Bb3 Bb7 11. a4 e6 12. Nbd2 bxa4 13. Bxa4 Nb6 14. Bb3 Qc7
15. c3 a5 16. Ng5 a4 17. Bc2 a3 18. Bb3 axb2 19. Bxb2 Rxa1 20. Bxa1 Qc6 21. f3
d5 22. f4 Ra8 23. Ndf3 Ne4 24. Ne5 Bxe5 25. Nxe4 Bxf4 26. Nf6+ Kg7 27. Qf3 Qc7
28. Ng4 h5 29. Ne5 Bxe5 30. dxe5 Nd7 31. Bc2 Qc5+ 32. Kh1 Nxe5 33. Qg3 Nc4 34.
Bd3 Ra2 35. h3 Qf2 36. Qxf2 Rxf2 37. Rb1 Bc6 38. Re1 Ra2 39. Kh2 h4 40. Kg1 f5
41. Be2 Ba4 42. Kf2 Kf6 43. Kf3 Bc2 44. Bxc4 dxc4 45. Ke3 Bd3 46. Rg1 e5 47.
Re1 f4+ 48. Kf3 Kf5 0-1

[Event "Wch Seniors 23rd 2013"]
[Site "Rijeka"]
[Date "2013.11.15"]
[Round "4.8"]
[White "Vokoun, Jan"]
[Black "Mishuchkov, Nikolai M"]
[Result "1/2-1/2"]
[WhiteElo "2185"]
[BlackElo "2367"]
[PlyCount "33"]
[EventDate "2013.11.12"]

1. Nf3 Nf6 2. c4 e6 3. d4 Bb4+ 4. Nbd2 d5 5. e3 O-O 6. Bd3 b6 7. O-O Bb7 8. Qc2
c5 9. cxd5 exd5 10. dxc5 Bxc5 11. e4 dxe4 12. Nxe4 Bxe4 13. Bxe4 Nxe4 14. Qxe4
Nd7 15. Bg5 Re8 16. Qf5 Qc8 17. Rad1 1/2-1/2

[Event "Wch Seniors 23rd 2013"]
[Site "Rijeka"]
[Date "2013.11.15"]
[Round "4.9"]
[White "Archangelsky, Mikhail"]
[Black "Sloth, Jorn"]
[Result "1/2-1/2"]
[WhiteElo "2162"]
[BlackElo "2338"]
[PlyCount "62"]
[EventDate "2013.11.12"]

1. d4 Nf6 2. Nf3 e6 3. e3 d6 4. b3 g6 5. Bb2 Bg7 6. Be2 O-O 7. O-O Nbd7 8. h3
Ne4 9. Nbd2 Nxd2 10. Qxd2 f5 11. Rad1 Nf6 12. c4 a5 13. a3 Qe7 14. Qc2 Bd7 15.
Bd3 Nh5 16. e4 Nf4 17. Rfe1 Nxd3 18. Rxd3 fxe4 19. Rxe4 e5 20. g4 Bc6 21. d5
Bd7 22. Bc1 h6 23. Re1 h5 24. Nh2 hxg4 25. hxg4 e4 26. Rde3 Bd4 27. Rxe4 Rxf2
28. Rxe7 Rxc2+ 29. Be3 Bc3 30. Rc1 Rxc1+ 31. Bxc1 Rd8 1/2-1/2

[Event "Wch Seniors 23rd 2013"]
[Site "Rijeka"]
[Date "2013.11.15"]
[Round "4.10"]
[White "Dogantug, Ahmet Ismail"]
[Black "Wahlbom, Magnus"]
[Result "1/2-1/2"]
[WhiteElo "2117"]
[BlackElo "2304"]
[PlyCount "66"]
[EventDate "2013.11.12"]

1. e4 d5 2. exd5 Qxd5 3. Nc3 Qa5 4. d4 Nf6 5. Bc4 c6 6. Nf3 Bf5 7. Bd2 Qc7 8.
Ne5 e6 9. Qe2 Nbd7 10. Bb3 Nxe5 11. dxe5 Nd7 12. Bf4 Be7 13. O-O Nc5 14. Na4
Nxb3 15. axb3 O-O 16. Nc3 Rfd8 17. Rfd1 Rxd1+ 18. Rxd1 Rd8 19. Ra1 a6 20. Kf1
h6 21. Ke1 Bb4 22. f3 Qe7 23. Rd1 Rxd1+ 24. Kxd1 Qc5 25. Qe3 Qa5 26. Ne4 Qa1+
27. Qc1 Qxc1+ 28. Kxc1 Bxe4 29. fxe4 h5 30. c3 Be7 31. Kd2 Bd8 32. b4 Bc7 33.
g3 Kh7 1/2-1/2

[Event "Wch Seniors 23rd 2013"]
[Site "Rijeka"]
[Date "2013.11.15"]
[Round "4.11"]
[White "Tsomaia, Sergo"]
[Black "Filipenko, Alexander V"]
[Result "1/2-1/2"]
[WhiteElo "1859"]
[BlackElo "2288"]
[PlyCount "120"]
[EventDate "2013.11.12"]

1. e4 c5 2. Nf3 d6 3. d4 cxd4 4. Qxd4 a6 5. c4 Nc6 6. Qe3 g6 7. h3 Bg7 8. Be2
e6 9. O-O Nge7 10. Nc3 O-O 11. Rd1 Qc7 12. Qd3 Rd8 13. Be3 b6 14. Rac1 Bb7 15.
Nd5 exd5 16. cxd5 b5 17. dxc6 Nxc6 18. Nd4 Qd7 19. Nxc6 Bxc6 20. Bd4 Bxd4 21.
Qxd4 Bb7 22. a3 Qe7 23. Bf3 f5 24. Re1 Rac8 25. exf5 Rxc1 26. Bd5+ Bxd5 27.
Qxd5+ Qf7 28. Qxf7+ Kxf7 29. fxg6+ hxg6 30. Rxc1 Ke6 31. Kf1 Kd5 32. Ke2 Re8+
33. Kd3 Rf8 34. f3 Rf4 35. Ke3 Ra4 36. g3 a5 37. h4 b4 38. axb4 Rxb4 39. Rc2
Ke5 40. Rd2 Rb3+ 41. Kf2 d5 42. Ke2 a4 43. Kf2 d4 44. g4 Kd5 45. h5 gxh5 46.
gxh5 Kc4 47. Kg3 a3 48. bxa3 Kc3 49. Rh2 d3 50. Kg4 d2 51. Rh1 Rb6 52. f4 Re6
53. Rd1 Re1 54. Rxd2 Kxd2 55. h6 Ke3 56. f5 Rg1+ 57. Kh5 Kf4 58. h7 Kxf5 59.
Kh6 Rh1+ 60. Kg7 Rg1+ 1/2-1/2

[Event "Wch Seniors 23rd 2013"]
[Site "Rijeka"]
[Date "2013.11.15"]
[Round "4.12"]
[White "Piasetski, Leon"]
[Black "Fucak, Emilijo"]
[Result "1/2-1/2"]
[WhiteElo "2288"]
[BlackElo "2223"]
[PlyCount "47"]
[EventDate "2013.11.12"]

1. Nf3 e6 2. g3 b6 3. Bg2 Bb7 4. c4 Nf6 5. O-O Be7 6. d4 O-O 7. Nc3 Ne4 8. Bd2
Nxc3 9. Bxc3 Be4 10. d5 Bf6 11. Rc1 Re8 12. Ne1 Bxg2 13. Nxg2 d6 14. Nf4 Nd7
15. Nd3 a5 16. Re1 Nc5 17. Nxc5 bxc5 18. e4 Rb8 19. b3 Bxc3 20. Rxc3 e5 21. Qg4
Qc8 22. Qh4 Qd8 23. Qg4 Qc8 24. Qh4 1/2-1/2

[Event "Wch Seniors 23rd 2013"]
[Site "Rijeka"]
[Date "2013.11.15"]
[Round "4.14"]
[White "Jorgensen, Jorgen"]
[Black "Hartung-Nielsen, Jens"]
[Result "1/2-1/2"]
[WhiteElo "2257"]
[BlackElo "2219"]
[PlyCount "47"]
[EventDate "2013.11.12"]

1. c4 c5 2. Nf3 g6 3. d4 cxd4 4. Nxd4 Bg7 5. e4 Nc6 6. Be3 Nf6 7. Nc3 Ng4 8.
Qxg4 Nxd4 9. Qd1 Ne6 10. Qd2 Qa5 11. Rc1 b6 12. Be2 Bb7 13. f3 g5 14. O-O h5
15. Rfd1 d6 16. a3 Qe5 17. b4 h4 18. h3 Qg3 19. Bf2 Qf4 20. Nd5 Qxd2 21. Rxd2
Rc8 22. Rcd1 Be5 23. Ra2 Ba6 24. b5 1/2-1/2

[Event "Wch Seniors 23rd 2013"]
[Site "Rijeka"]
[Date "2013.11.15"]
[Round "4.15"]
[White "Balashov, Yuri S"]
[Black "Agzamov, Valery"]
[Result "1/2-1/2"]
[WhiteElo "2440"]
[BlackElo "2183"]
[PlyCount "60"]
[EventDate "2013.11.12"]

1. e4 d6 2. d4 Nf6 3. Nc3 g6 4. f4 Bg7 5. Nf3 O-O 6. Bd3 Nbd7 7. O-O c5 8. d5
a6 9. a4 Qa5 10. Kh1 b5 11. e5 Ne8 12. e6 fxe6 13. Ng5 Ndf6 14. Nxe6 Bxe6 15.
dxe6 c4 16. Be2 b4 17. Nb1 d5 18. Be3 Nd6 19. Nd2 Nf5 20. Bg1 Qc7 21. Qe1 a5
22. Rd1 Ra6 23. g4 Nd6 24. b3 Rc6 25. Nf3 cxb3 26. cxb3 Rc3 27. Nd4 Nfe4 28.
Rd3 Rxd3 29. Bxd3 Qc3 30. Qxc3 bxc3 1/2-1/2

[Event "Wch Seniors 23rd 2013"]
[Site "Rijeka"]
[Date "2013.11.15"]
[Round "4.16"]
[White "Cebalo, Miso"]
[Black "Wittmann, Walter"]
[Result "1-0"]
[WhiteElo "2415"]
[BlackElo "2224"]
[PlyCount "59"]
[EventDate "2013.11.12"]

1. c4 c5 2. g3 Nc6 3. Bg2 g6 4. Nc3 Bg7 5. Nf3 e6 6. O-O Nge7 7. d3 O-O 8. Bg5
h6 9. Bd2 b6 10. a3 Bb7 11. Rb1 a5 12. Qc1 Kh7 13. Nb5 d5 14. Rd1 Rc8 15. b4
axb4 16. axb4 Nxb4 17. Bxb4 cxb4 18. Rxb4 Ra8 19. Qc2 Nc6 20. Rbb1 Qe7 21. cxd5
exd5 22. Rdc1 Rfc8 23. Qd2 Ra5 24. Qe3 Qd8 25. Qf4 Qd7 26. Nd6 Rc7 27. Ne8 Rc8
28. Nxg7 Kxg7 29. Rxb6 Rca8 30. Rbxc6 1-0

[Event "Wch Seniors 23rd 2013"]
[Site "Rijeka"]
[Date "2013.11.15"]
[Round "4.17"]
[White "Rukavina, Josip"]
[Black "Yakimenko, Alexander A"]
[Result "1-0"]
[WhiteElo "2405"]
[BlackElo "2212"]
[PlyCount "89"]
[EventDate "2013.11.12"]

1. Nf3 Nf6 2. c4 c5 3. Nc3 Nc6 4. e3 e6 5. d4 d5 6. a3 a6 7. b3 b6 8. Bb2 Bb7
9. cxd5 exd5 10. Be2 Be7 11. O-O O-O 12. Rc1 Rc8 13. dxc5 bxc5 14. Na4 Ne4 15.
Qc2 Bd6 16. Rfd1 Re8 17. Bd3 f5 18. Qb1 Qc7 19. Be2 Na5 20. b4 Nb3 21. Rc2 c4
22. Nc3 Qf7 23. g3 Bb8 24. Nxe4 fxe4 25. Nd4 Nxd4 26. Bxd4 Bc6 27. Bg4 Ba4 28.
Bxc8 Rxc8 29. Bc3 Rf8 30. Rcd2 Bd7 31. f4 exf3 32. Qb2 Bg4 33. Rf2 Be6 34. Be5
Ba7 35. Bd4 Bb8 36. Bc5 Rd8 37. Qd4 g5 38. e4 Rd7 39. Qe3 dxe4 40. Rxd7 Qxd7
41. Qxg5+ Kf7 42. Rd2 Qc6 43. Rd8 f2+ 44. Kxf2 e3+ 45. Kxe3 1-0

[Event "Wch Seniors 23rd 2013"]
[Site "Rijeka"]
[Date "2013.11.15"]
[Round "4.18"]
[White "Nukin, Tolegen"]
[Black "Karasev, Vladimir I"]
[Result "0-1"]
[WhiteElo "2208"]
[BlackElo "2377"]
[PlyCount "68"]
[EventDate "2013.11.12"]

1. Nf3 c5 2. c4 Nf6 3. g3 b6 4. Bg2 Bb7 5. O-O e6 6. Nc3 Be7 7. b3 O-O 8. Bb2
a6 9. d4 cxd4 10. Qxd4 d6 11. e4 Nbd7 12. Rfe1 Qc7 13. Qd1 Rfe8 14. Rc1 Bf8 15.
Nd4 Rac8 16. f4 Qb8 17. f5 e5 18. Nc2 b5 19. cxb5 axb5 20. Nb4 d5 21. Nbxd5
Nxd5 22. exd5 Qa7+ 23. Kh1 Qf2 24. Rc2 Qxf5 25. Rf1 Qg6 26. Rcf2 Nf6 27. Nxb5
Ng4 28. Rxf7 Ne3 29. Qe2 Nxf1 30. Rxb7 Rc2 31. Qxf1 Rxb2 32. Nc3 e4 33. Qc4 Bd6
34. Bxe4 Rxh2+ 0-1

[Event "Wch Seniors 23rd 2013"]
[Site "Rijeka"]
[Date "2013.11.15"]
[Round "4.19"]
[White "Shvedchikov, Anatoli I"]
[Black "Haubt, Georg"]
[Result "1-0"]
[WhiteElo "2363"]
[BlackElo "2206"]
[PlyCount "81"]
[EventDate "2013.11.12"]

1. c4 e5 2. Nc3 Nf6 3. Nf3 Nc6 4. e3 Bb4 5. Qc2 O-O 6. Nd5 Re8 7. Bd3 h6 8. a3
Bf8 9. Nxf6+ Qxf6 10. Be4 d6 11. b3 Ne7 12. Bb2 Bf5 13. d4 Bxe4 14. Qxe4 Nc6
15. dxe5 dxe5 16. O-O-O Qe6 17. g4 g6 18. g5 h5 19. h4 Bg7 20. Rd5 Qf5 21. Qxf5
gxf5 22. Kc2 Re7 23. Rhd1 Rae8 24. b4 b6 25. Bc3 a6 26. b5 axb5 27. cxb5 Na7
28. Bb4 Re6 29. a4 c5 30. Bc3 Nc8 31. Rd7 e4 32. Ng1 Ne7 33. Ne2 Ng6 34. Bxg7
Kxg7 35. Ng3 Ne5 36. Nxh5+ Kf8 37. Rb7 Ra8 38. Rd5 Rxa4 39. Rb8+ Ke7 40. Ng7 f6
41. Rb7+ 1-0

[Event "Wch Seniors 23rd 2013"]
[Site "Rijeka"]
[Date "2013.11.15"]
[Round "4.21"]
[White "Hohler, Peter"]
[Black "Barle, Janez"]
[Result "0-1"]
[WhiteElo "2171"]
[BlackElo "2356"]
[PlyCount "86"]
[EventDate "2013.11.12"]

1. c4 Nc6 2. Nc3 e5 3. Nf3 f5 4. d4 e4 5. Bg5 Nf6 6. Ne5 Be7 7. Nxc6 dxc6 8. e3
O-O 9. c5 Be6 10. Be2 Nd5 11. Bxe7 Qxe7 12. Nxd5 Bxd5 13. g3 g5 14. Qd2 Kh8 15.
h4 f4 16. hxg5 fxg3 17. fxg3 Qxg5 18. g4 Rf6 19. b3 Rh6 20. O-O-O Rf8 21. Rxh6
Qxh6 22. Rf1 b6 23. Kc2 Rxf1 24. Bxf1 Qf6 25. Be2 Kg7 26. Bd1 Qf1 27. Kb2 Kg6
28. Bc2 Qg1 29. cxb6 axb6 30. Bd1 Kg5 31. Ka3 Be6 32. d5 Bxd5 33. Qd4 Kh4 34.
Qf6+ Kg3 35. Qe5+ Kg2 36. Qd4 Qf2 37. g5 Kf1 38. Bh5 Qc2 39. Qa1+ Kf2 40. g6
Qc5+ 41. Kb2 hxg6 42. Bxg6 Qd6 43. Bh7 Qe5+ 0-1